000 00818nam a2200229Ii 4500
003 JO-AjNU
008 230605s9999||||xx |||||||||||||| ||und||
017 _a2016/9/4463
040 _aJO-AjNU
_bara
_erda
_cJO-AjNU
041 _aara
050 1 4 _aDS154.5 2016
100 3 _aإعداد عمادة البحث العلمي، جامعة العلوم الاسلامية,
_eauthor
_956834
245 0 0 _aأول مئة معلم
250 _aط1
264 3 1 _aعمان: منشورات جامعة العلوم الاسلامية العالمية، 2016
300 _a117ص
336 _atext
_btxt
_2rdacontent
337 _aunmediated
_bn
_2rdamedia
338 _avolume
_bnc
_2rdacarrier
490 0 _aسلسلة الاوائل في تاريخ الاردن 3
650 4 _aالاردن- تراجم- تاريخ
_956835
999 _aA25433
_c29001
_d29001